| 000 | 00837nas a2200253 4500 | ||
|---|---|---|---|
| 001 | BR2013001970 | ||
| 003 | BR-BrBNA | ||
| 005 | 20231205122039.0 | ||
| 007 | ta | ||
| 008 | 230509b bl.|||p| |||| 00| 00por d | ||
| 040 |
_aBR-BrBNA _bpor _cBiblioteca Nacional de Agricultura |
||
| 041 | _a(Pt) | ||
| 072 | _aK10 | ||
| 100 | 1 | _aGiachini, R.M. | |
| 100 | 1 | _aLobo, F. de A. | |
| 100 | 1 | _aAlbuquerque, M.C. de F. e | |
| 245 | 1 | _aInfluência da escarificação e da temperatura sobre a germinação de sementes de Samanea tubulosa (Benth.)Barneby J.W. Grimes (sete cascas) | |
| 650 | _aSEMENTE FLORESTAL | ||
| 650 | _aLEGUMINOSAE | ||
| 650 | _aDORMÊNCIA | ||
| 773 | 0 |
_tActa Amazônica (Brazil) _xISSN 0044-5967 _g(Mar 2010), v. 40(1) p. 75-80 _wBR2013001970 |
|
| 909 |
_a202311 _bLúcia _c55 _dLúcia Elande |
||
| 942 |
_2AGRIS _n0 _cANA |
||
| 999 |
_c226643 _d226643 |
||